| 000 | 00701nam a2200289Ia 4500 | ||
|---|---|---|---|
| 005 | 20260324123944.0 | ||
| 008 | 008 260324s9999 xx 000 0 eng d | ||
| 020 | _a9781315614397 | ||
| 037 | _aEBOOK | ||
| 040 | _aCRL | ||
| 040 | _beng | ||
| 040 | _cCRL | ||
| 041 | _2eng | ||
| 041 | _aeng | ||
| 084 | _qCRL | ||
| 100 |
_aRobert L. Davison _91172299 |
||
| 245 | 4 | _aThe Challenges of Command | |
| 245 | 4 | _bThe Royal Navy's Executive Branch Officers, 1880-1919 | |
| 260 | _bTaylor and Francis | ||
| 260 | _c2011 | ||
| 365 | _a | ||
| 365 | _b240 | ||
| 856 | _uhttp://www.taylorfrancis.com/books/9781315614397 | ||
| 942 | _cEBOOK | ||
| 999 |
_c1766262 _d1766262 |
||